000 00358 a2200157 4500
001 75155
020 _a9788557692084
040 _cAnchieta - Colégio São Paulo
100 _aCereja, Roberto Willian
240 1 0 _aPortuguês linguagens
_lpor
245 1 0 _aPortuguês linguagens
300 _a352
362 0 _a2019
650 4 _aPortuguês
942 _cBK
999 _c75155
_d75155